The making of the goddess: (Record no. 69877)
[ view plain ]
| 000 -LEADER | |
|---|---|
| fixed length control field | 00935nam a22002177a 4500 |
| 005 - DATE AND TIME OF LATEST TRANSACTION | |
| control field | 20120911142746.0 |
| 010 ## - LCCN (DPL NO) | |
| LC control number | B-483220 |
| 020 ## - INTERNATIONAL STANDARD BOOK NUMBER | |
| International Standard Book Number | 9780143417422 |
| Terms of availability | 499.00 |
| 035 ## - SYSTEM CONTROL NUMBER | |
| System control number | B-483220 |
| 037 ## - SOURCE OF ACQUISITION | |
| Stock number | dpl |
| Source of stock number/acquisition | Virtuous Pub/Ven |
| 082 ## - DEWEY DECIMAL CLASSIFICATION NUMBER | |
| Classification number | 230.31 |
| 100 ## - MAIN ENTRY--PERSONAL NAME | |
| Personal name | Mahalakshmi. R |
| 245 ## - TITLE STATEMENT | |
| Title | The making of the goddess: |
| Remainder of title | korravai--durga in the tamil traditions/ |
| Statement of responsibility, etc | by Mahalakshmi.R |
| 260 ## - PUBLICATION, DISTRIBUTION, ETC. (IMPRINT) | |
| Place of publication, distribution, etc | New Delhi |
| Name of publisher, distributor, etc | Penguin Books |
| Date of publication, distribution, etc | 2011 |
| 270 ## - ADDRESS | |
| Address | 11 Community Centre,Panchsheel Park |
| City | New Delhi |
| Postal code | 110017 |
| 300 ## - PHYSICAL DESCRIPTION | |
| Extent | 409p. |
| Dimensions | 22cm. |
| 500 ## - GENERAL NOTE | |
| General note | It includes Bibliography and Index |
| 942 ## - ADDED ENTRY ELEMENTS (KOHA) | |
| Source of classification or shelving scheme | Dewey Decimal Classification |
| Item type | English Books |
| Call number suffix | MAH |
| Classification part | 230.31 |
| Withdrawn status | Lost status | Not for loan | Collection code | Home library | Current library | Date acquired | Source of acquisition | Cost, normal purchase price | Full call number | Barcode | Copy number | Cost, replacement price | Koha item type |
|---|---|---|---|---|---|---|---|---|---|---|---|---|---|
| Non-fiction | Central Library | Central Library | 18/09/2012 | Virtuous Pub/IN248/18.04.2012/SP/46/30.3.2012/19.06.2012 | 499.00 | 230.31 MAH | B-483220 | 1 | 499.00 | English Books |
